1001 Inventions That Changed The Word (Record no. 15659)

MARC details
000 -LEADER
fixed length control field 00368nam a2200145Ia 4500
008 - FIXED-LENGTH DATA ELEMENTS--GENERAL INFORMATION
fixed length control field 220803s9999 xx 000 0 und d
020 ## - INTERNATIONAL STANDARD BOOK NUMBER
International Standard Book Number 9789350096857
041 ## - LANGUAGE CODE
Language code of text/sound track or separate title eng
082 ## - DEWEY DECIMAL CLASSIFICATION NUMBER
Classification number 820 CHA
100 ## - MAIN ENTRY--PERSONAL NAME
Personal name Challoner J Ed.
9 (RLIN) 24770
245 ## - TITLE STATEMENT
Title 1001 Inventions That Changed The Word
260 ## - PUBLICATION, DISTRIBUTION, ETC. (IMPRINT)
Place of publication, distribution, etc. London
Name of publisher, distributor, etc. Cassell Illustrated
Date of publication, distribution, etc. 2014
300 ## - PHYSICAL DESCRIPTION
Extent 961p
500 ## - GENERAL NOTE
Keywords ARCHI
Holdings
Withdrawn status Lost status Damaged status Not for loan Collection code Home library Current library Date acquired Vendor Cost, normal purchase price Full call number Barcode Date last seen Cost, replacement price Bill Date Koha item type Original Barcode
      Reference Book of B Arch Dr. Bhanuben Nanavati College of Architecture Dr. Bhanuben Nanavati College of Architecture 11/11/2014 IBEX 500.31 823 CHA BNCA-BK-9059 03/08/2022 500.31 07/11/2014 Books B09059